[Event "Wroclaw Anderssen Memorial op-B"]
[Site "Wroclaw"]
[Date "2023.??.??"]
[Round "3"]
[White "Witkowski, Michal"]
[Black "Muzyka, Dominik"]
[Result "0-1"]
[WhiteElo "1228"]
[BlackElo "1654"]
[PlyCount "74"]
[EventDate "2023.08.06"]
[EventType "swiss"]
[EventRounds "9"]
[EventCountry "POL"]
[SourceTitle "EXT 2024"]
[Source "ChessBase"]
[SourceDate "2023.10.10"]
[SourceVersion "1"]
[SourceVersionDate "2023.10.10"]
[SourceQuality "1"]

1. Nf3 Nf6 2. g3 e6 3. Bg2 d5 4. 0-0 Be7 5. d4 0-0 6. c4 a5 7. Nc3 c6 8. b3 b6 9. Nd2 b5 10. e4 dxc4 11. e5 Nd5 12. Nxd5 cxd5 13. bxc4 bxc4 14. Bb2 Ra6 15. Rb1 Nc6 16. a3 Rb6 17. Qa4 Bd7 18. Qc2 Qc7 19. f4 f5 20. Qc3 Nxd4 21. Qxa5 Qc5 22. Qxc5 Bxc5 23. Bxd4 Bxd4+ 24. Kh1 Rfb8 25. Rxb6 Rxb6 26. h4 c3 27. Nf3 Be3 28. Ne1 Bb5 29. Rf3 Bd2 30. Nc2 Be2 31. Rf2 Bd3 32. Nb4 Rxb4 33. axb4 c2 34. Rxd2 c1Q+ 35. Kh2 Qxd2 36. h5 Be4 37. h6 Qxg2# 0-1

[Event "Polanica Zdroj op-D 49th"]
[Site "Polanica Zdroj"]
[Date "2013.08.19"]
[Round "3"]
[White "Psyk, Radoslaw"]
[Black "Muzyka, Dominik"]
[Result "1-0"]
[WhiteElo "1805"]
[BlackElo "1592"]
[PlyCount "89"]
[EventDate "2013.08.17"]
[EventType "swiss"]
[EventRounds "9"]
[EventCountry "POL"]
[SourceTitle "EXT 2014"]
[Source "ChessBase"]
[SourceDate "2013.11.20"]
[SourceVersion "1"]
[SourceVersionDate "2013.11.20"]
[SourceQuality "1"]

1. e4 c5 2. Nf3 d6 3. c3 Nf6 4. h3 g6 5. Bd3 Bg7 6. Bc2 0-0 7. 0-0 Nc6 8. d3 Bd7 9. Bg5 h6 10. Be3 Rc8 11. Nh2 b5 12. f4 h5 13. f5 Ne5 14. g4 hxg4 15. Nxg4 Nfxg4 16. hxg4 e6 17. g5 exf5 18. a4 fxe4 19. dxe4 Nc4 20. Bc1 bxa4 21. Bxa4 Ne5 22. Qxd6 Bxa4 23. Qxd8 Rfxd8 24. Rxa4 Rd7 25. Na3 Nc6 26. Be3 Rb8 27. Rf2 Bf8 28. Nc4 Be7 29. Ra6 Rc8 30. Kg2 Rdc7 31. e5 Rd7 32. Bf4 Nd8 33. Nd6 Bxd6 34. Rxd6 Rcc7 35. Rfd2 Rxd6 36. exd6 Rd7 37. Be5 Ne6 38. Bf6 Nf4+ 39. Kf3 Nh5 40. Rd1 Nxf6 41. gxf6 Kh7 42. Ke4 Kg8 43. Kd5 Kf8 44. Kxc5 Rd8 45. d7 1-0

[Event "POL Olympiad U14"]
[Site "Walbrzych"]
[Date "2013.??.??"]
[Round "4.13"]
[White "Blocinski, Maciej"]
[Black "Muzyka, Dominik"]
[Result "0-1"]
[WhiteElo "1444"]
[BlackElo "1610"]
[PlyCount "84"]
[EventDate "2013.04.??"]
[EventType "team-swiss"]
[EventRounds "9"]
[EventCountry "POL"]
[SourceTitle "EXT 2014"]
[Source "ChessBase"]
[SourceDate "2013.11.20"]
[SourceVersion "1"]
[SourceVersionDate "2013.11.20"]
[SourceQuality "1"]

1. d4 Nf6 2. c4 g6 3. Nc3 Bg7 4. e4 d6 5. f4 0-0 6. Nf3 c5 7. d5 e6 8. Be2 exd5 9. cxd5 Bg4 10. 0-0 Re8 11. Qc2 Bxf3 12. Bxf3 Na6 13. a3 c4 14. Be3 Qa5 15. Qf2 Nd7 16. Rad1 Nac5 17. Qh4 Nd3 18. Rb1 Nxb2 19. Rxb2 Qxc3 20. Re2 Qxa3 21. Qf2 Qb3 22. Bd4 Bxd4 23. Qxd4 Qd3 24. Qb2 Nc5 25. Rfe1 c3 26. Qc2 Qd4+ 27. Kh1 b5 28. Rd1 Qc4 29. Re3 b4 30. Be2 Qb3 31. Qxb3 Nxb3 32. Rb1 c2 33. Rexb3 cxb1Q+ 34. Rxb1 Rxe4 35. Bf3 Rxf4 36. Kg1 Rb8 37. Kf2 b3 38. Ke3 Rc4 39. Kd3 Rc5 40. h3 b2 41. Kd2 a5 42. Be4 a4 0-1

[Event "POL Olympiad U14"]
[Site "Walbrzych"]
[Date "2013.??.??"]
[Round "5.6"]
[White "Muzyka, Dominik"]
[Black "Wyczling, Bartosz"]
[Result "1-0"]
[WhiteElo "1610"]
[BlackElo "1704"]
[PlyCount "85"]
[EventDate "2013.04.??"]
[EventType "team-swiss"]
[EventRounds "9"]
[EventCountry "POL"]
[SourceTitle "EXT 2014"]
[Source "ChessBase"]
[SourceDate "2013.11.20"]
[SourceVersion "1"]
[SourceVersionDate "2013.11.20"]
[SourceQuality "1"]

1. e4 c5 2. Nf3 d6 3. d4 cxd4 4. Nxd4 Nf6 5. Nc3 a6 6. Be2 e5 7. Nb3 Be7 8. Bg5 Nbd7 9. a4 Qc7 10. Qd3 b6 11. 0-0 0-0 12. Bxf6 Nxf6 13. Rfd1 Bb7 14. g3 Rac8 15. Rac1 Rfd8 16. Bf3 Qc6 17. Nd2 Rb8 18. Nf1 b5 19. axb5 axb5 20. Ne3 Bf8 21. Ncd5 Nxd5 22. Nxd5 Rdc8 23. c3 Re8 24. Ra1 Ra8 25. Be2 Rxa1 26. Rxa1 f5 27. Qxb5 fxe4 28. Ne3 Qxb5 29. Bxb5 Ra8 30. Rxa8 Bxa8 31. Bc4+ Kh8 32. Bd5 Bxd5 33. Nxd5 Kg8 34. b4 e3 35. fxe3 Kf7 36. b5 Ke6 37. b6 Kxd5 38. b7 Be7 39. b8Q Bg5 40. Qb7+ Ke6 41. e4 Be3+ 42. Kg2 h6 43. Qxg7 1-0

[Event "Solina Mind Sports U14 op"]
[Site "Solina"]
[Date "2012.04.20"]
[Round "8"]
[White "Muzyka, Dominik"]
[Black "Kubiak, Jakub"]
[Result "1-0"]
[WhiteElo "1625"]
[BlackElo "1481"]
[PlyCount "67"]
[EventDate "2012.04.15"]
[EventType "swiss"]
[EventRounds "9"]
[EventCountry "POL"]
[SourceTitle "EXT 2014"]
[Source "ChessBase"]
[SourceDate "2013.11.20"]
[SourceVersion "1"]
[SourceVersionDate "2013.11.20"]
[SourceQuality "1"]

1. e4 e5 2. Nf3 Nc6 3. d4 exd4 4. Nxd4 Bc5 5. Nxc6 Qf6 6. Qf3 Qxc6 7. Bd3 Ne7 8. 0-0 0-0 9. Be3 Bb6 10. Nc3 Ng6 11. Qe2 Bxe3 12. Qxe3 a6 13. f4 d6 14. Kh1 Re8 15. Qg3 Qd7 16. Rae1 b6 17. h3 Bb7 18. Re2 Re7 19. f5 f6 20. fxg6 h6 21. Bc4+ Kh8 22. Bf7 Re5 23. Rfe1 a5 24. Nd5 Qd8 25. Nf4 Qe7 26. Bd5 Bxd5 27. Nxd5 Qd8 28. Qc3 Rc8 29. Qc6 Rg5 30. Re3 Rxg6 31. Rc3 Rg5 32. b3 Re5 33. Nxb6 Rb8 34. Nd7 1-0

[Event "Solina Mind Sports U14 op"]
[Site "Solina"]
[Date "2012.04.17"]
[Round "4"]
[White "Karpus, Michal"]
[Black "Muzyka, Dominik"]
[Result "0-1"]
[WhiteElo "1686"]
[BlackElo "1625"]
[PlyCount "52"]
[EventDate "2012.04.15"]
[EventType "swiss"]
[EventRounds "9"]
[EventCountry "POL"]
[SourceTitle "EXT 2014"]
[Source "ChessBase"]
[SourceDate "2013.11.20"]
[SourceVersion "1"]
[SourceVersionDate "2013.11.20"]
[SourceQuality "1"]

1. e4 c5 2. c3 Nf6 3. e5 Nd5 4. g3 d6 5. exd6 Qxd6 6. Bg2 Nc6 7. Na3 Nb6 8. Ne2 Bg4 9. f3 Bf5 10. d4 cxd4 11. Nb5 Qd7 12. Nbxd4 e5 13. Nxf5 Qxf5 14. Be3 Nc4 15. Qc1 0-0-0 16. g4 Qd3 17. Bf2 Nd2 18. Nd4 exd4 19. Qxd2 Qxd2+ 20. Kxd2 dxc3+ 21. Kxc3 Bb4+ 22. Kb3 Rd3+ 23. Kc4 Rhd8 24. a3 R8d5 25. a4 Ne5+ 26. Kxb4 a5# 0-1

[Event "Solina Mind Sports U14 op"]
[Site "Solina"]
[Date "2012.04.17"]
[Round "3"]
[White "Wyczling, Bartosz"]
[Black "Muzyka, Dominik"]
[Result "1-0"]
[WhiteElo "1486"]
[BlackElo "1625"]
[PlyCount "63"]
[EventDate "2012.04.15"]
[EventType "swiss"]
[EventRounds "9"]
[EventCountry "POL"]
[SourceTitle "EXT 2014"]
[Source "ChessBase"]
[SourceDate "2013.11.20"]
[SourceVersion "1"]
[SourceVersionDate "2013.11.20"]
[SourceQuality "1"]

1. d4 Nf6 2. c4 g6 3. Nc3 Bg7 4. e4 d6 5. f3 0-0 6. Nge2 e5 7. Bg5 c6 8. d5 cxd5 9. cxd5 a6 10. Ng3 b5 11. a3 Nbd7 12. Rc1 Nb6 13. Qd2 Bd7 14. Be2 Rc8 15. 0-0 Nc4 16. Bxc4 Rxc4 17. Kh1 Qb8 18. f4 h6 19. fxe5 Ng4 20. Be7 Nxe5 21. Bxf8 Qxf8 22. b3 Rc8 23. Nce2 h5 24. Rxc8 Bxc8 25. Nd4 Bh6 26. Qc3 Bd7 27. Nc6 Bxc6 28. dxc6 Qc8 29. c7 Nd7 30. Qc6 Bf8 31. Rc1 h4 32. Qxd7 1-0

[Event "Solina Mind Sports U14 op"]
[Site "Solina"]
[Date "2012.04.16"]
[Round "2"]
[White "Muzyka, Dominik"]
[Black "Mendak, Mateusz"]
[Result "1/2-1/2"]
[WhiteElo "1625"]
[BlackElo "1501"]
[PlyCount "79"]
[EventDate "2012.04.15"]
[EventType "swiss"]
[EventRounds "9"]
[EventCountry "POL"]
[SourceTitle "EXT 2014"]
[Source "ChessBase"]
[SourceDate "2013.11.20"]
[SourceVersion "1"]
[SourceVersionDate "2013.11.20"]
[SourceQuality "1"]

1. e4 c5 2. Nf3 e6 3. d4 cxd4 4. Nxd4 a6 5. Bd3 b5 6. a4 bxa4 7. 0-0 Bb7 8. Rxa4 Qc7 9. Qe2 Bd6 10. g3 Ne7 11. Nd2 Nbc6 12. Nxc6 Qxc6 13. Rc4 Qb6 14. e5 Bc7 15. Nb3 Nd5 16. Bd2 Qa7 17. Rxc7 Nxc7 18. Be3 Qb8 19. Bc5 Qc8 20. Qg4 g6 21. Qg5 Nd5 22. Be4 h6 23. Qg4 Ne7 24. Bxb7 Qxb7 25. Rd1 Rb8 26. Bxe7 Kxe7 27. Nc5 Qxb2 28. Rxd7+ Ke8 29. Rxf7 Qxe5 30. Qxg6 Kd8 31. Nxe6+ Kc8 32. Rc7+ Qxc7 33. Nxc7 Kxc7 34. Qg7+ Kb6 35. Qd4+ Kb7 36. Qd7+ Kb6 37. Qd6+ Kb7 38. Qd7+ Kb6 39. Qd6+ Kb7 40. Qd7+ 1/2-1/2

[Event "Sudety op 4th"]
[Site "Szklarska Poreba"]
[Date "2011.06.01"]
[Round "5"]
[White "Grela, Kacper"]
[Black "Muzyka, Dominik"]
[Result "1-0"]
[WhiteElo "1728"]
[BlackElo "1529"]
[PlyCount "47"]
[EventDate "2011.05.29"]
[EventType "swiss"]
[EventRounds "9"]
[EventCountry "POL"]
[SourceTitle "CBM 142 Extra"]
[Source "ChessBase"]
[SourceDate "2011.06.27"]
[SourceVersion "1"]
[SourceVersionDate "2011.06.27"]
[SourceQuality "1"]

1. e4 c5 2. Nf3 d6 3. d4 cxd4 4. Nxd4 Nf6 5. Nc3 a6 6. Bc4 e6 7. Bb3 b5 8. 0-0 Be7 9. Qf3 Bb7 10. Bxe6 fxe6 11. Nxe6 Qc8 12. Nxg7+ Kf7 13. Nf5 Qe6 14. Bg5 Nbd7 15. Rae1 Ne5 16. Qh3 Bc8 17. f4 Nc4 18. Nd5 Bd8 19. Qh6 Rg8 20. Nd4 Qd7 21. Nxf6 Bxf6 22. Qxf6+ Ke8 23. b3 Nb6 24. e5 1-0

[Event "POL-ch U10"]
[Site "Mielno"]
[Date "2011.03.26"]
[Round "8"]
[White "Sernecki, Franciszek"]
[Black "Muzyka, Dominik"]
[Result "1-0"]
[WhiteElo "1473"]
[BlackElo "1542"]
[PlyCount "69"]
[EventDate "2011.03.19"]
[EventType "swiss"]
[EventRounds "9"]
[EventCountry "POL"]
[SourceTitle "EXT 2012"]
[Source "ChessBase"]
[SourceDate "2011.11.24"]
[SourceVersion "1"]
[SourceVersionDate "2011.11.24"]
[SourceQuality "1"]

1. e4 e6 2. d4 d5 3. e5 c5 4. c3 Nc6 5. Nf3 Qb6 6. Be2 cxd4 7. cxd4 Nge7 8. Nc3 Nf5 9. Na4 Qa5+ 10. Bd2 Bb4 11. Bc3 Bd7 12. a3 Bxc3+ 13. Nxc3 0-0 14. 0-0 a6 15. Qd2 b5 16. Rfd1 Qb6 17. Rac1 Na5 18. Qc2 g6 19. Bd3 Ne7 20. b4 Nc4 21. Bxc4 bxc4 22. Qd2 Kg7 23. h3 Nc6 24. Nh2 h5 25. Na4 Qc7 26. Nc5 Rfc8 27. g4 Rh8 28. Qg5 Qd8 29. Qf6+ Kg8 30. g5 Qc7 31. Rc3 Be8 32. Rf3 a5 33. Nxe6 fxe6 34. Qf8+ Kh7 35. Qh6+ 1-0

[Event "Blaszczak Memorial 25th"]
[Site "Wroclaw"]
[Date "2010.06.05"]
[Round "3.7"]
[White "Wozniak, Adam"]
[Black "Muzyka, Dominik"]
[Result "1/2-1/2"]
[WhiteElo "1452"]
[BlackElo "1543"]
[PlyCount "114"]
[EventDate "2010.06.03"]
[EventType "swiss"]
[EventRounds "9"]
[EventCountry "POL"]
[SourceTitle "EXT 2023"]
[Source "ChessBase"]
[SourceDate "2022.10.05"]
[SourceVersion "1"]
[SourceVersionDate "2022.10.05"]
[SourceQuality "1"]

1. d4 Nf6 2. c4 d6 3. Nc3 Nbd7 4. e4 e5 5. Nf3 Be7 6. Be2 0-0 7. 0-0 c6 8. h3 a6 9. a4 a5 10. Be3 Qc7 11. Qc2 Re8 12. Rad1 Bf8 13. dxe5 dxe5 14. Rd2 h6 15. Rfd1 Bb4 16. Nh4 Nc5 17. Bf3 Bxc3 18. bxc3 Ne6 19. Nf5 Bd7 20. Nd6 Red8 21. c5 Ne8 22. c4 Nxd6 23. cxd6 Qc8 24. c5 Re8 25. Rb1 Ra7 26. Rb6 Qa8 27. Rd1 f6 28. Rdb1 Kf7 29. Qb3 Rb8 30. Qd3 Kf8 31. Kh2 Kf7 32. Bd1 Kf8 33. Qe2 Kg8 34. Qh5 Kf8 35. Qg6 Kg8 36. Bxh6 Be8 37. Qg3 g5 38. Bb3 Kh7 39. Bxe6 Kxh6 40. h4 Bg6 41. hxg5+ fxg5 42. Rh1 Kg7 43. Qxg5 Rh8+ 44. Kg1 Rxh1+ 45. Kxh1 Qh8+ 46. Kg1 Qh6 47. Qxh6+ Kxh6 48. f3 Be8 49. d7 Bxd7 50. Bxd7 Ra8 51. Rxb7 Rg8 52. Bxc6 Rg6 53. Bd5 Rg7 54. Rxg7 Kxg7 55. c6 Kf8 56. c7 Ke7 57. c8Q Kd6 1/2-1/2